[Event "Camp. austriaco 2008"]
[Site "Leoben AUT"]
[Date "2008.07.19"]
[Round "1"]
[White "Aschenbrenner, R."]
[Black "Schroll, G."]
[Result "1/2-1/2"]
[WhiteElo "2278"]
[BlackElo "2436"]
[PlyCount "69"]
[EventDate "2008.07.19"]
[Source "www.chesslib.no"]
[SourceDate "2004.05.04"]

1. d4 f5 2. g3 Nf6 3. Bg2 e6 4. Nh3 Be7 5. O-O O-O 6. c3 d5 7. Bg5 c5 8. Nf4 Qb6 9. Qb3 cxd4 10. Qxb6 axb6 11. cxd4 Nc6 12. e3 Bd7 13. Nc3 Rfc8 14. Rfc1 Na5 15. Nd3 Kf8 16. Ne5 Be8 17. Ne2 h6 18. Bxf6 gxf6 19. Nd3 Bd6 20. Nef4 Ke7 21. Rxc8 Rxc8 22. Rc1 Rxc1+ 23. Nxc1 Nc4 24. Ncd3 Nd2 25. f3 Bb5 26. Kf2 Kd7 27. Bh3 Ke7 28. g4 fxg4 29. Bxg4 Bd7 30. h4 Nc4 31. b3 Na3 32. Ng6+ Kf7 33. Ngf4 Ke7 34. Ng6+ Kf7 35. Ngf4 1/2-1/2

[Event "20th Belgrade Trophy"]
[Site "Belgrade SRB"]
[Date "2007.11.23"]
[Round "2"]
[White "Zivanic, M."]
[Black "Brujic, B."]
[Result "1-0"]
[WhiteElo "2460"]
[BlackElo "2227"]
[PlyCount "51"]
[EventDate "2007.11.22"]
[Source "www.chesslib.no"]
[SourceDate "2004.05.04"]

1. d4 f5 2. g3 Nf6 3. Bg2 e6 4. Nh3 Be7 5. c4 O-O 6. Nc3 d5 7. O-O c6 8. b3 Bd7 9. f3 Bb4 10. Bb2 Be8 11. Nf4 Qe7 12. Nd3 Ba5 13. a4 Qd8 14. Nc5 Qc8 15. e4 b6 16. Nd3 fxe4 17. fxe4 Bxc3 18. Bxc3 Nxe4 19. Rxf8+ Kxf8 20. Bxe4 dxe4 21. Nf4 h6 22. Qg4 Bf7 23. d5 cxd5 24. Qxg7+ Ke8 25. Bb4 Nd7 26. Qh8+ 1-0

[Event "Omis"]
[Site "?"]
[Date "2005.10.14"]
[Round "7.7"]
[White "Jankovic Alojzije"]
[Black "Bozanic Ivica"]
[Result "1-0"]
[WhiteElo "2446"]
[BlackElo "2239"]
[PlyCount "54"]
[EventDate "2005.??.??"]
[Source "www.chesslib.no"]
[SourceDate "2004.05.04"]

1. d4 f5 2. g3 Nf6 3. Bg2 e6 4. Nh3 Be7 5. c4 O-O 6. Nc3 d6 7. Qb3 c6 8. O-O Qb6 9. Qd1 Qc7 10. e4 e5 11. d5 Nxe4 12. Nxe4 fxe4 13. Bxe4 Bxh3 14. Qh5 Bf5 15. Bxf5 g6 16. Be6+ Kh8 17. Qe2 Bf6 18. h4 Na6 19. h5 Nc5 20. Bg4 a5 21. Kg2 g5 22. Be3 Rae8 23. Rad1 cxd5 24. Rxd5 Ne6 25. Bxe6 Rxe6 26. b3 a4 27. Qg4 axb3 1-0

[Event "Gent op 22nd"]
[Site "Gent"]
[Date "1999.??.??"]
[Round "6"]
[White "Kohlmeyer, Dagobert"]
[Black "Moonen, Rene"]
[Result "1-0"]
[WhiteElo "2445"]
[BlackElo "2230"]
[PlyCount "83"]
[EventDate "1999.??.??"]
[Source "www.chesslib.no"]
[SourceDate "2004.05.04"]

1. d4 f5 2. g3 Nf6 3. Bg2 e6 4. Nh3 Be7 5. O-O O-O 6. c4 d6 7. b3 c6 8. Bb2 a5 9. Nd2 a4 10. Nf4 Na6 11. e4 e5 12. Ne2 fxe4 13. dxe5 dxe5 14. Nxe4 Nxe4 15. Bxe4 Bh3 16. Bg2 Bxg2 17. Kxg2 Qa5 18. Qd7 Bf6 19. Bc3 Qb6 20. b4 Rad8 21. Qg4 Qc7 22. Rad1 Qf7 23. a3 Nc7 24. Qe4 Ne6 25. h4 Qh5 26. f3 Nd4 27. Bxd4 exd4 28. Nf4 Qf7 29. Qe6 Rfe8 30. Qxf7+ Kxf7 31. Nd3 Re2+ 32. Rf2 Rde8 33. Nc5 R2e3 34. Nxb7 Rb8 35. Nd6+ Ke6 36. Ne4 Rxa3 37. Nxf6 Kxf6 38. Rxd4 Rxb4 39. Re2 Rbb3 40. Ree4 Kg6 41. Re6+ Kh5 42. Rf4 1-0

[Event "Antwerp op"]
[Site "Antwerp"]
[Date "1996.??.??"]
[Round "8"]
[White "Bosboom, Manuel"]
[Black "Van Hul, Chris"]
[Result "1-0"]
[WhiteElo "2410"]
[BlackElo "2260"]
[PlyCount "53"]
[EventDate "1996.07.??"]
[Source "www.chesslib.no"]
[SourceDate "2004.05.04"]

1. d4 f5 2. g3 Nf6 3. Bg2 e6 4. Nh3 Be7 5. O-O O-O 6. c4 d6 7. Nc3 Qe8 8. b3 a5 9. Bb2 c6 10. Na4 Ra6 11. c5 d5 12. f3 Nfd7 13. Qc2 g5 14. e4 Qg6 15. exf5 exf5 16. Rae1 Bd8 17. Rf2 Ra8 18. Rfe2 Kf7 19. f4 g4 20. Ng5+ Bxg5 21. fxg5 Qxg5 22. Bc1 Qf6 23. Re7+ Kg8 24. R1e6 Qxd4+ 25. Kh1 Nxc5 26. Nxc5 Bxe6 27. Bb2 1-0

[Event "Camp. austriaco"]
[Site "Tweng AUT"]
[Date "2007.08.04"]
[Round "1"]
[White "Pachta, P."]
[Black "Schroll, G."]
[Result "0-1"]
[WhiteElo "2266"]
[BlackElo "2397"]
[PlyCount "120"]
[EventDate "2007.08.04"]
[Source "www.chesslib.no"]
[SourceDate "2004.05.04"]

1. d4 f5 2. g3 Nf6 3. Bg2 e6 4. Nh3 Be7 5. O-O O-O 6. c4 d5 7. Qc2 Nc6 8. Rd1 Nb4 9. Qb3 c6 10. a3 Na6 11. Nf4 b6 12. Qa4 Nc7 13. b4 a5 14. bxa5 b5 15. cxb5 cxb5 16. Qb3 Rxa5 17. Bd2 Ra4 18. e3 Ne4 19. Nc3 Nxd2 20. Rxd2 Ra5 21. Rda2 Qd6 22. Nd3 Bd7 23. Nc5 Qc6 24. Rc1 Bxc5 25. Nb1 Rfa8 26. Rxc5 Qd6 27. Rac2 R8a7 28. Qc3 Ne8 29. Bf1 Qb8 30. Rb2 Nd6 31. Rb3 Ne4 32. Qc2 Nxc5 33. dxc5 Qc8 34. Rc3 Rc7 35. Nd2 Qa8 36. Qc1 Bc6 37. Nf3 Rca7 38. Nd4 Qc8 39. Qb2 Qd7 40. e4 dxe4 41. Rb3 Qd5 42. Qc3 Rxa3 43. Rxa3 Rxa3 44. Qxa3 Qxd4 45. Qa7 e3 46. Qb8+ Kf7 47. Qc7+ Qd7 48. Qxd7+ Bxd7 49. fxe3 e5 50. g4 fxg4 51. Bg2 Ke7 52. Kf2 g5 53. Bb7 Kd8 54. Bd5 h5 55. Ke2 Kc7 56. Kd3 h4 57. Bg2 Bc6 58. e4 Be8 59. Kc3 Bf7 60. Kb4 Bc4 0-1

[Event "Loosdorf Open"]
[Site "Loosdorf"]
[Date "1993.??.??"]
[Round "5"]
[White "Krizsany, Laszlo"]
[Black "Schwab, Rene"]
[Result "1-0"]
[WhiteElo "2370"]
[BlackElo "2280"]
[PlyCount "31"]
[EventDate "1993.07.??"]
[Source "www.chesslib.no"]
[SourceDate "2004.05.04"]

1. d4 f5 2. g3 Nf6 3. Bg2 e6 4. Nh3 c5 5. dxc5 Bxc5 6. c4 Nc6 7. O-O O-O 8. Nc3 b6 9. b3 Bb7 10. Bb2 a6 11. e4 fxe4 12. Nxe4 Nxe4 13. Bxe4 Qe8 14. Qg4 g6 15. Ng5 h5 16. Qxh5 1-0

[Event "70th ch-GER"]
[Site "Bremen GER"]
[Date "1998.11.06"]
[Round "1"]
[White "Lindenmair, A."]
[Black "Keitlinghaus, L."]
[Result "0-1"]
[WhiteElo "2155"]
[BlackElo "2485"]
[PlyCount "82"]
[EventDate "1998.??.??"]
[Source "www.chesslib.no"]
[SourceDate "2004.05.04"]

1. d4 f5 2. g3 Nf6 3. Bg2 e6 4. Nh3 Be7 5. O-O O-O 6. c4 d5 7. Qc2 Bd7 8. Nd2 Nc6 9. Nf3 Nb4 10. Qd1 Be8 11. Nf4 Bf7 12. Ne5 Qe8 13. a3 Nc6 14. cxd5 exd5 15. Qa4 Nxe5 16. Qxe8 Nxe8 17. dxe5 c6 18. h4 Nc7 19. Be3 Ne6 20. Nxe6 Bxe6 21. Rac1 a5 22. f4 Kf7 23. Bc5 a4 24. Bf3 Ra5 25. Bxe7 Kxe7 26. Rfd1 Rb5 27. Rd4 Ra8 28. Rb4 Raa5 29. Rd1 Rxb4 30. axb4 Ra6 31. Ra1 Kd7 32. e3 Kc7 33. Bd1 b5 34. Ra3 Bd7 35. b3 c5 36. bxc5 b4 37. Ra2 a3 38. Bc2 Ra5 39. Bb1 Rxc5 40. Kg2 Rc3 41. Kf2 Rxb3 0-1

[Event "Corr"]
[Site "?"]
[Date "2002.06.15"]
[Round "?"]
[White "Arounopoulos Stephan (GER)"]
[Black "Zatrapa Petr"]
[Result "0-1"]
[WhiteElo "2427"]
[BlackElo "2206"]
[PlyCount "120"]
[EventDate "2002.??.??"]
[Source "www.chesslib.no"]
[SourceDate "2004.05.04"]

1. d4 f5 2. g3 Nf6 3. Bg2 e6 4. Nh3 Be7 5. c4 O-O 6. O-O d6 7. Nc3 Qe8 8. Nf4 c6 9. Nd3 Nbd7 10. d5 Nb6 11. dxc6 bxc6 12. c5 dxc5 13. Na4 c4 14. Ne5 Nfd5 15. e4 fxe4 16. Bxe4 Ba6 17. Qc2 Qh5 18. Nxc6 Bf6 19. Nxb6 axb6 20. Qd1 Qe8 21. Bxd5 exd5 22. Qxd5+ Rf7 23. Nb4 Rd8 24. Qc6 Qxc6 25. Nxc6 Re8 26. Nb4 Bb7 27. Rb1 Be4 28. Re1 Rfe7 29. Rxe4 Rxe4 30. Be3 b5 31. Nd5 Bd4 32. Nc3 Bxc3 33. bxc3 R4e5 34. Kg2 Ra8 35. Bd4 Rd5 36. Rb2 Kf7 37. Kf3 Re8 38. Kg2 g5 39. h3 Re1 40. Be3 Ke6 41. Kf3 Red1 42. Ke2 Rh1 43. Rb4 Ra1 44. Rb2 h5 45. g4 Rh1 46. Rb4 Rxh3 47. gxh5 Rxh5 48. a4 bxa4 49. Rxa4 Rh4 50. Bd4 Rhxd4 51. cxd4 Rxd4 52. Ra5 Rd5 53. Ra4 Re5+ 54. Kd2 Kd5 55. Ra8 Ke4 56. Rc8 Rd5+ 57. Kc1 Rf5 58. Rxc4+ Kf3 59. Rc2 g4 60. Ra2 Rh5 0-1

[Event "Greve"]
[Site "?"]
[Date "2002.03.30"]
[Round "5"]
[White "Bekker-Jensen David"]
[Black "Rasmussen Allan Stig"]
[Result "0-1"]
[WhiteElo "2308"]
[BlackElo "2311"]
[PlyCount "100"]
[EventDate "2002.??.??"]
[Source "www.chesslib.no"]
[SourceDate "2004.05.04"]

1. d4 f5 2. g3 Nf6 3. Bg2 e6 4. Nh3 Be7 5. O-O O-O 6. c4 d6 7. Nc3 Qe8 8. Nf4 e5 9. Nfd5 Bd8 10. c5 c6 11. Nxf6+ Bxf6 12. d5 dxc5 13. Be3 c4 14. Rc1 e4 15. Bc5 Rf7 16. f3 Na6 17. Bd4 Bg5 18. f4 Bf6 19. g4 b5 20. Bxf6 Rxf6 21. dxc6 Qxc6 22. Qd5+ Qxd5 23. Nxd5 Rf7 24. gxf5 Bxf5 25. Nc3 Nc7 26. Bxe4 Bxe4 27. Nxe4 Raf8 28. b3 Rxf4 29. Rxf4 Rxf4 30. Nd2 Rd4 31. Nf3 Re4 32. bxc4 Rxc4 33. Rxc4 bxc4 34. Kf2 Nd5 35. Ne5 c3 36. Nd3 g5 37. e4 Nf4 38. Ne1 Kg7 39. Ke3 Kf6 40. Kd4 g4 41. a4 h5 42. Nc2 Ne6+ 43. Kxc3 Ke5 44. Kd3 Kf4 45. Ne1 g3 46. Ng2+ Kf3 47. Nh4+ Kg4 48. hxg3 Kxg3 49. Ng6 Nf4+ 50. Nxf4 Kxf4 0-1

[Event "Jyvaskyla op2"]
[Site "Jyvaskyla"]
[Date "1996.??.??"]
[Round "9"]
[White "Norri, Joose"]
[Black "Nykopp, Jan Michael F"]
[Result "1-0"]
[WhiteElo "2365"]
[BlackElo "2250"]
[PlyCount "77"]
[EventDate "1996.??.??"]
[Source "www.chesslib.no"]
[SourceDate "2004.05.04"]

1. d4 f5 2. g3 Nf6 3. Bg2 e6 4. Nh3 Be7 5. c4 O-O 6. O-O c6 7. Nf4 d5 8. Qc2 Qe8 9. Nd2 Kh8 10. Nf3 Bd6 11. Nd3 Nbd7 12. Bf4 Bxf4 13. Nxf4 Ne4 14. Rad1 Nd6 15. b3 Ne4 16. Qc1 Qe7 17. Nd3 Nef6 18. Rde1 b6 19. Qg5 Ba6 20. Rc1 Rac8 21. Rfd1 Qa3 22. Rc2 Ne4 23. Qe3 dxc4 24. bxc4 Rcd8 25. Nd2 Nxd2 26. Rdxd2 c5 27. Qxe6 cxd4 28. Nf4 Nc5 29. Qe7 Rfe8 30. Qxa7 d3 31. exd3 Re1+ 32. Bf1 Qb4 33. Rb2 Qc3 34. Qxb6 Rc8 35. Re2 Qc1 36. Rxe1 Qxe1 37. Re2 Qa1 38. Qxc5 g5 39. Nh5 1-0

[Event "Turin ITA"]
[Site "?"]
[Date "2006.05.28"]
[Round "7"]
[White "Igla Bella"]
[Black "Benderac Ana"]
[Result "1/2-1/2"]
[WhiteElo "2288"]
[BlackElo "2293"]
[PlyCount "38"]
[EventDate "2006.??.??"]
[Source "www.chesslib.no"]
[SourceDate "2004.05.04"]

1. d4 f5 2. g3 Nf6 3. Bg2 e6 4. Nh3 d6 5. O-O Be7 6. b3 O-O 7. Bb2 c6 8. Nd2 Qc7 9. e4 e5 10. dxe5 dxe5 11. exf5 Bxf5 12. Qe2 Nbd7 13. Nf3 Rae8 14. Nxe5 Bc5 15. Rae1 Ng4 16. Qc4+ Be6 17. Qe4 Bf5 18. Qc4+ Be6 19. Qe4 Bf5 1/2-1/2

[Event "St Veit Open"]
[Site "St Veit"]
[Date "1995.??.??"]
[Round "5"]
[White "Kaminik, Aleksandar"]
[Black "Piven, Igor"]
[Result "0-1"]
[WhiteElo "2215"]
[BlackElo "2360"]
[PlyCount "78"]
[EventDate "1995.??.??"]
[Source "www.chesslib.no"]
[SourceDate "2004.05.04"]

1. d4 f5 2. g3 Nf6 3. Bg2 e6 4. Nh3 Be7 5. O-O O-O 6. c4 d6 7. Qb3 c6 8. Nc3 Na6 9. Nf4 Kh8 10. Nd3 Qc7 11. f4 d5 12. Ne5 Qd8 13. Be3 Nc7 14. Bf2 Nce8 15. c5 Nd7 16. Qc2 Nef6 17. h3 Nxe5 18. fxe5 Nd7 19. Qd2 b6 20. b4 Ba6 21. Be3 Bc4 22. a3 Kg8 23. Bf3 g5 24. Bh5 Kg7 25. h4 h6 26. Kh2 Rh8 27. g4 f4 28. Qc2 Nf8 29. Bxf4 gxf4 30. Rxf4 Rh7 31. Rf7+ Kh8 32. g5 hxg5 33. Raf1 Rxh5 34. Rxf8+ Bxf8 35. Qg6 Rxh4+ 36. Kg3 Rh6 37. Qc2 Qe7 38. e4 Qh7 39. Qg2 Bxf1 0-1

[Event "CZE-chTV 0102"]
[Site "?"]
[Date "2002.??.??"]
[Round "2"]
[White "Fiala Jaroslav"]
[Black "Bernard Borek"]
[Result "1-0"]
[WhiteElo "2246"]
[BlackElo "2328"]
[PlyCount "87"]
[EventDate "2002.??.??"]
[Source "www.chesslib.no"]
[SourceDate "2004.05.04"]

1. d4 f5 2. g3 Nf6 3. Bg2 e6 4. Nh3 Be7 5. O-O O-O 6. b3 d6 7. Bb2 c6 8. Nd2 d5 9. Nf4 g5 10. Nd3 Qe8 11. Nf3 Qh5 12. Nfe5 Nbd7 13. e3 Qh6 14. Qc1 Nxe5 15. Nxe5 Nd7 16. Nd3 Rf7 17. c4 b6 18. Ba3 Bd8 19. Bd6 Bb7 20. a4 Qg6 21. f4 g4 22. Ra2 h5 23. b4 Rc8 24. Rc2 h4 25. b5 cxb5 26. axb5 Rh7 27. Be5 Rxc4 28. Rxc4 dxc4 29. Bxb7 cxd3 30. Qc8 Nf8 31. Bg2 Bf6 32. Bd6 Be7 33. Bxe7 Rxe7 34. Rd1 Qf7 35. Bc6 Rc7 36. Qd8 a6 37. d5 axb5 38. Rxd3 hxg3 39. hxg3 Kg7 40. d6 Rxc6 41. d7 Rc1+ 42. Kf2 e5 43. Qg5+ Ng6 44. d8=Q 1-0

[Event "Aalborg Open"]
[Site "Aalborg DEN"]
[Date "1994.??.??"]
[Round "1"]
[White "Christiansen, Jens J"]
[Black "Boe Olsen, Mads"]
[Result "1-0"]
[WhiteElo "2265"]
[BlackElo "2300"]
[PlyCount "96"]
[EventDate "1994.??.??"]
[Source "www.chesslib.no"]
[SourceDate "2004.05.04"]

1. d4 f5 2. g3 Nf6 3. Bg2 e6 4. Nh3 Be7 5. O-O O-O 6. c4 Qe8 7. Nc3 Nc6 8. Nb5 Bd8 9. d5 Ne5 10. b3 a6 11. Nd4 c5 12. dxc6 dxc6 13. Bb2 Nf7 14. Qc2 c5 15. Nf3 e5 16. Nd2 g5 17. f3 Ra7 18. Nf2 h5 19. e4 f4 20. Nd3 b6 21. Nb1 Qe6 22. Nc3 Nh8 23. Nd5 Ng6 24. Qc3 Re8 25. Kf2 Rf7 26. Ke2 h4 27. gxf4 exf4 28. Rfd1 h3 29. Bf1 g4 30. Nf2 gxf3+ 31. Kd2 Ne5 32. Kc2 Nxd5 33. cxd5 Qd6 34. Bxh3 Bxh3 35. Nxh3 Qh6 36. Rg1+ Kf8 37. Nf2 Qxh2 38. Qd2 Bh4 39. Raf1 Bxf2 40. Qxf2 Qxf2+ 41. Rxf2 Rg7 42. Rxg7 Kxg7 43. Rxf3 Kg6 44. Rxf4 Nd7 45. Rg4+ Kh5 46. Rg7 Ne5 47. Bxe5 Rxe5 48. Kd3 Re8 1-0

[Event "Elista ol (Men)"]
[Site "Elista"]
[Date "1998.10.09"]
[Round "10"]
[White "Olcayoz, Alper"]
[Black "Surendorj, Handsuren"]
[Result "1-0"]
[WhiteElo "2345"]
[BlackElo "2220"]
[PlyCount "87"]
[EventDate "1998.09.29"]
[Source "ChessBase"]
[SourceDate "1998.11.06"]

1. d4 f5 2. g3 Nf6 3. Bg2 e6 4. Nh3 d5 5. c4 c6 6. Qc2 Be7 7. Nd2 O-O 8. Nf4 Ne4 9. O-O Bd6 10. Nd3 b6 11. Nf3 Bb7 12. Bf4 Bxf4 13. Nxf4 Qe7 14. Rac1 Nd7 15. Nd3 Rfc8 16. b3 c5 17. Qb2 cxd4 18. Qxd4 dxc4 19. Rxc4 Rxc4 20. bxc4 Rd8 21. Qb2 Ndc5 22. Qa3 Qd6 23. Nb2 Na6 24. Qe3 Qc5 25. Qc1 h6 26. Nd3 Qa5 27. Nf4 e5 28. Ng6 Nc3 29. Qb2 e4 30. Nfh4 Qb4 31. Qc2 Qxc4 32. Re1 Nb4 33. Qb2 Ncxa2 34. Qe5 Qc3 35. Qe6+ Kh7 36. Ne5 Qc7 37. Qxf5+ Kg8 38. Qe6+ Kh7 39. Qf5+ Kg8 40. Qe6+ Kh7 41. Bh3 Rf8 42. Bf5+ Rxf5 43. Qxf5+ Kg8 44. Nhg6 1-0

[Event "Hajduszoboszlo zt women"]
[Site "Hajduszoboszlo"]
[Date "1991.??.??"]
[Round "1"]
[White "Koen, Maja"]
[Black "Voiska, Margarita"]
[Result "1-0"]
[WhiteElo "2215"]
[BlackElo "2350"]
[PlyCount "85"]
[EventDate "1991.??.??"]
[Source "www.chesslib.no"]
[SourceDate "2004.05.04"]

1. d4 f5 2. g3 Nf6 3. Bg2 e6 4. Nh3 Be7 5. c4 O-O 6. O-O d6 7. Qb3 c6 8. Nc3 Kh8 9. Re1 Na6 10. Bg5 e5 11. dxe5 dxe5 12. Rad1 Qc7 13. Qc2 Nc5 14. Bc1 a5 15. Ng5 Ng4 16. Bh3 Nh6 17. b3 Nf7 18. Nf3 e4 19. Nd4 Ng5 20. Bg2 Nge6 21. Nxe6 Nxe6 22. Na4 Bb4 23. Rf1 Bd6 24. Be3 Be5 25. Nb6 Ra6 26. c5 Qf7 27. Rd2 Nc7 28. Rfd1 Be6 29. Nd7 Bxd7 30. Rxd7 Qe6 31. Bc1 Nd5 32. Rxb7 Qc8 33. Rxd5 cxd5 34. Rb5 Qc6 35. a4 f4 36. gxf4 Bxf4 37. Bxf4 Qf6 38. Bg3 h5 39. h4 Qa1+ 40. Kh2 Rg6 41. e3 Rff6 42. Rb6 Rg4 43. Rxf6 1-0

[Event "otb"]
[Site "otb"]
[Date "2007.04.07"]
[Round "7"]
[White "Cruz Filemon"]
[Black "Ivanova Svetlana"]
[Result "1-0"]
[WhiteElo "2357"]
[BlackElo "2207"]
[PlyCount "61"]
[Source "www.chesslib.no"]
[SourceDate "2004.05.04"]

1. d4 f5 2. g3 Nf6 3. Bg2 e6 4. Nh3 Be7 5. O-O O-O 6. Nd2 d5 7. Nf3 c5 8. c4 dxc4 9. Qc2 Nc6 10. dxc5 Qd5 11. Nf4 Qe4 12. Qc3 Nd5 13. Nxd5 Qxd5 14. Be3 Bf6 15. Qc2 c3 16. bxc3 Qc4 17. Rab1 Qxc3 18. Qa4 Qa5 19. Qc4 Qc3 20. Qxc3 Bxc3 21. Rfc1 Bf6 22. Nd2 Rd8 23. Nc4 Be7 24. Bxc6 bxc6 25. Ne5 Ba6 26. Nxc6 Rd7 27. Nb8 Rxb8 28. Rxb8+ Kf7 29. c6 Rc7 30. Bf4 Rc8 31. c7 1-0

[Event "TCh-NOR Final"]
[Site "?"]
[Date "2004.05.22"]
[Round "4"]
[White "Harestad Thor Geir"]
[Black "Bern Ivar"]
[Result "0-1"]
[WhiteElo "2206"]
[BlackElo "2343"]
[PlyCount "86"]
[EventDate "2004.??.??"]
[Source "www.chesslib.no"]
[SourceDate "2004.05.04"]

1. d4 f5 2. g3 Nf6 3. Bg2 e6 4. Nh3 d5 5. O-O Bd6 6. c4 c6 7. Bf4 Be7 8. Nc3 O-O 9. Qb3 Na6 10. Rad1 h6 11. Be5 Ng4 12. Nf4 Nxe5 13. dxe5 Nc5 14. Qc2 Qe8 15. b4 Ne4 16. cxd5 cxd5 17. Qb3 Bg5 18. e3 Bxf4 19. gxf4 Nxc3 20. Qxc3 Bd7 21. Rc1 Bb5 22. Rfd1 Bc4 23. Qa3 Kh8 24. Bf3 Qe7 25. Qb2 b5 26. Qd2 a5 27. bxa5 Qa3 28. Rc2 Rxa5 29. Rb1 Rfa8 30. Rbb2 Qe7 31. Be2 Ra3 32. Qd4 Rg8 33. Kh1 Qh4 34. Bxc4 bxc4 35. Rb1 Rd3 36. Qa7 Qg4 37. Rcc1 Qe2 38. Qf7 Rd2 39. Rg1 Qxf2 40. Qh5 Qxe3 41. Rbc1 Qf2 42. Qh3 Rd3 43. Qh5 Qf3+ 0-1

[Event "National Open"]
[Site "?"]
[Date "2004.06.20"]
[Round "5"]
[White "Pupols Viktors"]
[Black "Hernandez Albert"]
[Result "0-1"]
[WhiteElo "2233"]
[BlackElo "2310"]
[PlyCount "149"]
[EventDate "2004.??.??"]
[Source "www.chesslib.no"]
[SourceDate "2004.05.04"]

1. d4 f5 2. g3 Nf6 3. Bg2 e6 4. Nh3 Be7 5. O-O O-O 6. Nd2 d6 7. c3 Nc6 8. e4 fxe4 9. Nxe4 Kh8 10. f4 Qe8 11. Nhf2 Bd7 12. Re1 Nd8 13. Bd2 Rb8 14. Rc1 b5 15. Qe2 Nd5 16. Rf1 Nb6 17. Rce1 a5 18. Nd3 Qg6 19. Bf3 Qf7 20. Ng5 Qg8 21. h4 h6 22. Ne4 Bc6 23. Bc1 Bd5 24. a3 a4 25. Rf2 Nb7 26. Nd2 Bf6 27. Qf1 Nc4 28. Nb4 Bxf3 29. Nxf3 c5 30. dxc5 Nxc5 31. Nd2 d5 32. Nxc4 bxc4 33. Kh2 Ne4 34. Rf3 Qh7 35. Qe2 Qf5 36. Rff1 h5 37. Be3 Rbc8 38. Nc2 Qg6 39. Qg2 Nxg3 40. Rf3 Bxh4 41. Rc1 e5 42. Rxg3 Bxg3+ 43. Qxg3 Qxg3+ 44. Kxg3 exf4+ 45. Bxf4 Rce8 46. Rh1 g6 47. Ne3 Re4 48. Nxd5 Kg7 49. Rh4 Rf5 50. Bh6+ Kxh6 51. Rxe4 Rxd5 52. Rxc4 Rd3+ 53. Kf4 Rd2 54. Rxa4 Rxb2 55. Rb4 g5+ 56. Kf3 g4+ 57. Kg3 Rd2 58. Rb6+ Kg5 59. Rb5+ Kg6 60. Rb6+ Kf7 61. Rh6 Rd3+ 62. Kg2 Rd5 63. Kg3 Kg7 64. Rb6 Rd3+ 65. Kh4 Rh3+ 66. Kg5 Kf7 67. Kf5 Rxc3 68. Rf6+ Ke8 69. a4 Kd8 70. Kg5 Rc5+ 71. Kf4 Ra5 72. Kg3 Rxa4 73. Rf7 Ra3+ 74. Kh4 Rh3+ 75. Kg5 0-1

[Event "Espoo Open"]
[Site "Espoo"]
[Date "1991.??.??"]
[Round "8"]
[White "Issakainen, Ari"]
[Black "Raisa, Unto"]
[Result "1/2-1/2"]
[WhiteElo "2280"]
[BlackElo "2260"]
[PlyCount "84"]
[EventDate "1991.??.??"]
[Source "www.chesslib.no"]
[SourceDate "2004.05.04"]

1. d4 f5 2. g3 Nf6 3. Bg2 e6 4. Nh3 Be7 5. O-O O-O 6. c4 d6 7. b3 c6 8. Ba3 Qe8 9. Nd2 e5 10. c5 d5 11. dxe5 Ng4 12. Nf3 Bd8 13. Bb2 Bc7 14. Nf4 Nxe5 15. Nxe5 Bxe5 16. Bxd5+ Kh8 17. Bf7 Qe7 18. Bxe5 Qxe5 19. Nd3 Qe7 20. Bh5 Nd7 21. Rc1 Nf6 22. Bf3 Be6 23. Nf4 Rad8 24. Qc2 Bd7 25. Rfd1 g5 26. Nd3 Rde8 27. e3 Ne4 28. b4 Be6 29. Bg2 Bd5 30. a4 Qf7 31. Qb2+ Kg8 32. Bf1 Qh5 33. Ne1 Re6 34. Qe2 g4 35. h4 f4 36. Rxd5 cxd5 37. exf4 Ng5 38. Qd3 Rxe1 39. Qxd5+ Rf7 40. Qd8+ Rf8 41. Qd5+ Rf7 42. Qd8+ Rf8 1/2-1/2

[Event "It (Men) Copenhagen DEN"]
[Site "?"]
[Date "2005.04.02"]
[Round "1"]
[White "Pedersen Daniel Vesterbaek"]
[Black "Skovgaard Peter"]
[Result "1-0"]
[WhiteElo "2358"]
[BlackElo "2174"]
[PlyCount "79"]
[EventDate "2005.??.??"]
[Source "www.chesslib.no"]
[SourceDate "2004.05.04"]

1. d4 f5 2. g3 Nf6 3. Bg2 e6 4. Nh3 d5 5. O-O c6 6. b3 b5 7. c4 Be7 8. Ba3 b4 9. Bb2 a5 10. a3 Na6 11. Nf4 O-O 12. Nd3 Qe8 13. c5 bxa3 14. Rxa3 Nc7 15. Nd2 Nb5 16. Ra4 Ne4 17. Qc2 Bb7 18. Rfa1 g5 19. e3 Qd8 20. f3 Nf6 21. Bc3 Nxc3 22. Qxc3 g4 23. f4 Ne4 24. Nxe4 fxe4 25. Ne5 h5 26. Rxa5 Qc7 27. Ng6 Rfb8 28. Rxa8 Rxa8 29. Nxe7+ Qxe7 30. Rxa8+ Bxa8 31. Qa5 Qb7 32. Bf1 Kf7 33. Qb6 Qd7 34. Ba6 e5 35. fxe5 Kg6 36. Qb8 Qf5 37. Be2 Qg5 38. Kf2 Qf5+ 39. Ke1 Qg5 40. Kd2 1-0

[Event "Aktiv Alliancen-A"]
[Site "Taastrup"]
[Date "1997.??.??"]
[Round "4"]
[White "Bekker Jensen, Simon"]
[Black "Christensen, Lasse"]
[Result "1/2-1/2"]
[WhiteElo "2230"]
[BlackElo "2300"]
[PlyCount "21"]
[EventDate "1997.??.??"]
[Source "www.chesslib.no"]
[SourceDate "2004.05.04"]

1. d4 f5 2. g3 Nf6 3. Bg2 e6 4. Nh3 Be7 5. O-O O-O 6. c4 d6 7. Nc3 e5 8. dxe5 dxe5 9. Qxd8 Bxd8 10. e4 c6 11. Be3 1/2-1/2

[Event "Dagomys (Russia)"]
[Site "?"]
[Date "2004.04.??"]
[Round "10"]
[White "Gavariev Renat"]
[Black "Gunin Pavel"]
[Result "1-0"]
[WhiteElo "2310"]
[BlackElo "2217"]
[PlyCount "70"]
[EventDate "2004.??.??"]
[Source "www.chesslib.no"]
[SourceDate "2004.05.04"]

1. d4 f5 2. g3 Nf6 3. Bg2 e6 4. Nh3 Be7 5. O-O O-O 6. c4 d6 7. Nc3 e5 8. dxe5 dxe5 9. Qxd8 Rxd8 10. Nd5 Nxd5 11. Bxd5+ Kf8 12. Ng5 Bxg5 13. Bxg5 Re8 14. Be3 Nd7 15. Rfd1 c6 16. Bg2 Nf6 17. b3 Be6 18. Rd2 Kf7 19. Rad1 h6 20. Bc5 g5 21. Ba3 f4 22. Bb2 Bf5 23. Rd6 Re6 24. Rxe6 Kxe6 25. e3 fxe3 26. fxe3 Be4 27. Ba3 Bxg2 28. Rd6+ Kf5 29. Kxg2 h5 30. h3 Rh8 31. Bb2 Rh7 32. Ba1 Rf7 33. Bb2 Ke4 34. Re6 Nd7 35. Re8 Rf6 1-0

[Event "Hamburg GER, Open A 2005"]
[Site "?"]
[Date "2005.10.07"]
[Round "7"]
[White "Glienke Manfred"]
[Black "Becker Norbert"]
[Result "1/2-1/2"]
[WhiteElo "2327"]
[BlackElo "2197"]
[PlyCount "77"]
[EventDate "2005.??.??"]
[Source "www.chesslib.no"]
[SourceDate "2004.05.04"]

1. d4 f5 2. g3 Nf6 3. Bg2 e6 4. Nh3 Be7 5. Nf4 O-O 6. Nd2 d6 7. c3 c6 8. e4 fxe4 9. Nxe4 Nxe4 10. Bxe4 Qe8 11. O-O e5 12. dxe5 dxe5 13. Qb3+ Rf7 14. Nd3 Bf8 15. Re1 Nd7 16. f4 Nc5 17. Nxc5 Bxc5+ 18. Kh1 Be6 19. Qc2 g6 20. Bg2 exf4 21. Bxf4 Rd7 22. b3 Qf7 23. c4 Bf5 24. Be4 Bxe4+ 25. Rxe4 Re8 26. Rae1 Rxe4 27. Rxe4 g5 28. Re5 gxf4 29. Rxc5 fxg3 30. Rg5+ Kf8 31. Rf5 Rd1+ 32. Kg2 Rd2+ 33. Qxd2 Qxf5 34. Qd8+ Kf7 35. Qc7+ Ke6 36. hxg3 Qe4+ 37. Kf2 Qc2+ 38. Kf3 Qd3+ 39. Kf2 1/2-1/2

[Event "9th S&W Young Masters, Witley ENG"]
[Site "?"]
[Date "1999.??.??"]
[Round "6"]
[White "Bekker Jensen, Da"]
[Black "Bisby, D."]
[Result "1-0"]
[WhiteElo "2260"]
[BlackElo "2250"]
[PlyCount "61"]
[EventDate "1999.??.??"]
[Source "www.chesslib.no"]
[SourceDate "2004.05.04"]

1. d4 f5 2. g3 Nf6 3. Bg2 e6 4. Nh3 Be7 5. c4 d6 6. Nc3 O-O 7. O-O Qe8 8. Nf4 e5 9. dxe5 dxe5 10. Nfd5 Bd8 11. e4 f4 12. gxf4 Nxd5 13. Qxd5+ Be6 14. Qxe5 Nc6 15. Qb5 a6 16. Qxb7 Rb8 17. Qxa6 Nb4 18. Qa7 Be7 19. Nd5 Bxd5 20. cxd5 Nc2 21. Rb1 Na3 22. Be3 Nxb1 23. Rxb1 g5 24. Qxc7 gxf4 25. Bxf4 Rc8 26. Qe5 Qf7 27. Bh3 Qg6+ 28. Kh1 Bf6 29. Qf5 Qxf5 30. Bxf5 Rc2 31. e5 1-0